000 00399nam a22001577a 4500
003 OSt
005 20160623161232.0
008 160623b xxu||||| |||| 00| 0 eng d
020 _a1878787055
040 _cN/A
050 _aPN 6071
_b.C3 1991
100 _amindy Blingham
245 _apossibilities
_ba supplemental anthology for career choices
260 _aCalifonia
_bknopf
942 _2lcc
_cBK
999 _c254642
_d254641